चमचा युग (Record no. 504)

MARC details
000 -LEADER
fixed length control field 01295 a2200241 4500
008 - FIXED-LENGTH DATA ELEMENTS--GENERAL INFORMATION
fixed length control field 090312t xxu||||| |||| 00| 0 hin d
010 ## - LCCN (DPL NO)
LC control number HIN-78736
020 ## - INTERNATIONAL STANDARD BOOK NUMBER
International Standard Book Number 8187733470
Terms of availability 100.00
035 ## - SYSTEM CONTROL NUMBER
System control number HN-51182
035 ## - SYSTEM CONTROL NUMBER
System control number B-317894
037 ## - SOURCE OF ACQUISITION
Source of stock number/acquisition D.B.Act / pub
082 ## - DEWEY DECIMAL CLASSIFICATION NUMBER
Classification number 303.484
100 ## - MAIN ENTRY--PERSONAL NAME
Personal name काशीराम
245 ## - TITLE STATEMENT
Title चमचा युग
Statement of responsibility, etc काशीराम अनुवादक एस.एस.गौतम
246 ## - VARYING FORM OF TITLE
Title proper/short title Chamcha Yug
Remainder of title Kanshiram
260 ## - PUBLICATION, DISTRIBUTION, ETC. (IMPRINT)
Place of publication, distribution, etc दिल्ली
Name of publisher, distributor, etc सिद्धार्थ बुक्स
Date of publication, distribution, etc 2006
270 ## - ADDRESS
Address चन्दन सदन सी-263 ए,गली नं.9,हरदेवपुरी,शाहदरा
City दिल्ली
Postal code 110093
Telephone number 22570380
300 ## - PHYSICAL DESCRIPTION
Extent 144पृ
Dimensions 22सेमी (सजिल्द)
700 ## - ADDED ENTRY--PERSONAL NAME
Personal name गौतम, एस.एस.अनुवादक
942 ## - ADDED ENTRY ELEMENTS (KOHA)
Institution code [OBSOLETE] dpl
Item type Hindi Books
Call number prefix /
Source of classification or shelving scheme Dewey Decimal Classification
Classification part 303.484
Call number suffix काशीरा
Holdings
Withdrawn status Lost status Source of classification or shelving scheme Damaged status Not for loan Home library Current library Date acquired Total Checkouts Full call number Barcode Date last seen Cost, replacement price Koha item type Collection code Source of acquisition Cost, normal purchase price Copy number
    Dewey Decimal Classification     Andrews Gunj D.B.Act.Division     303.484 काशीरा HN-51182 15/09/2008 30.00 Hindi Books        
    Dewey Decimal Classification     Vinoba Puri Vinoba Puri 12/03/2009   303.484 काशीरा B-317894 12/03/2009 100.00 Hindi Books Non-fiction dbad / dup 100.00 1

© Delhi Public Library
Hit Counter
free hit counter